000 00482nam a2200157 4500
001 140439
003 ES-MaACL
005 20230906200058.0
007 t|
008 070214s1983 sp r ||||1| spa d
110 1 _aEspaƱa.
_bMinisterio de Trabajo y Seguridad Social.
_93936
245 1 0 _aSeguridad e higiene en el trabajo
_b: Plan Nacional y Ordenanza General.
260 _aMadrid :
_bPalancar,
_c1983 (
_fJ. C. J.)
300 _a182 p. ;
_c21 cm.
852 _aES-MaACL
_jL-4864
999 _c140439
_d140439